000 00668nam a2200181Ia 4500
003 GCL
008 140319s9999 xx 000 0 ara d
040 _aGCL /
_cGCL
082 0 4 _a247.9
_bا ف
100 1 _aالغزالى : حجة الاسلام ابو حامد محمد بن محمد بن محمد بن احمد الطوسى
245 1 0 _aفضائح الباطنية /
_cالغزالى : حجة الاسلام ابو حامد محمد بن محمد بن محمد بن احمد الطوسى
300 _a144 ص
490 _aكتاب
_v0
650 0 4 _aالاسلام
650 0 4 _aالفرق الاسلامية
650 0 4 _aالباطنية
942 _2ddc
_cBK
999 _c41738
_d41738